000 01098ntm a2200241 i 4500
001 103124
003 ES-MaACL
005 20230906183256.0
007 t|
008 060113m18371848sp |||| | spa d
080 _a061.21(464.27)Ateneo
110 2 _aAteneo de Madrid.
_bSección de Literatura y Bellas Artes.
_92001
245 1 0 _aAteneo de Madrid, actas de sesiones de la 4ª Sección 1837-1848 [
_hManuscrito].
246 3 _aActas de la Sección de Literatura y Bellas Artes (1837-1848)
260 _aMadrid :
_bAteneo de Madrid,
_c1837-1848.
300 _a[348] p. ;
_c30 cm.
500 _aNo constan sesiones de mayo a noviembre de 1837 y febrero 1841 a marzo 1844.
505 8 _aContiene: Desde la sesión de 8 de enero de 1837 hasta la sesión de 12 de febrero de 1848
530 _aDisponible en formato digital.
610 2 4 _aAteneo de Madrid.
_bSección de Literatura y Bellas Artes-
_vMemorias.
_9157397
852 4 _aES-MaACL
_jR-3390
856 4 _uhttp://archivo.ateneodemadrid.es/actas-de-la-secci-n-de-literatura-y-bellas-artes-1837-1848;isad
_zArchivo del Ateneo de Madrid
999 _c103124
_d103124